| 000 | 00615nam a22002057a 4500 | ||
|---|---|---|---|
| 005 | 20160729173340.0 | ||
| 010 | _aENG-115587 | ||
| 020 |
_a9789352550135 _c350.00 |
||
| 035 | _aEN-99119 | ||
| 037 | _bDBAD/PUB | ||
| 082 | _a650 | ||
| 100 | _aGupta ,C .D. | ||
| 245 |
_aCBDE business studies : _cby C.D Gupta. [and] S. Mukherjee . _b[Class XII] / |
||
| 260 |
_aNew Delhi _bNew Central Book Agency _c2016 |
||
| 270 |
_a8/1,Chintamoni Das Lane _bKolkata _e700009 |
||
| 300 |
_axxviii,578p. _c24cm(pbk) |
||
| 500 | _aIncludes index | ||
| 700 | _aMukherjee,C.D. | ||
| 942 |
_2ddc _cEN _mGUP _h650 |
||
| 999 |
_c101635 _d101635 |
||